00752aas a2200205 4500952009000000999001700090001001000107003001000117005001700127008004100144022001400185040004100199041000800240245004200248300004900290520011300339650001300452773007300465942000800538 001040708HEMaFUSBCbFUSBCd2016-01-26l0o r2016-01-26 00:00:00w2016-01-26yANA c63500d63500768714001CO-MdFUSB20171025124727.0171025s2010 ck ||||| |||| 00| 0 spa d a2145-8197 aCO-MdFUSBbspacCO-MdFUSBdCO-MdFUSB aspa 3aSe derrumba el comunismoc/ El Tiempo aNúmero 8 (2010), páginas 36-37c: 28 cm.1 aMijaíl Gorbachov llega al poder en al Unión Soviética y lidera el cambio. Tumban el muro de Berlín. 14aHISTORIA0 tdk100049432959931gNúmero 8 (2010), páginas 36-37qPágina 36 cANA